00893cam a22002653a 450000100060000000300060000600500170001200800410002904000150007004200070008505000060009210000270009824500920012526000290021750600300024651600200027665300450029665300280034165300490036965300510041865300490046970000380051883000290055685600420058532370PGUSA20140828083712.0100514s2010||||xxu|||||s|||||000 | eng d aPGUSAbeng adc 4aD1 aMarx, Karl,d1818-188310aSecret Diplomatic History of The Eighteenth Centuryh[electronic resource] /cKarl Marx bProject Gutenberg,c2010 aPublic domain in the USA. aElectronic text aRussia -- Foreign relations -- 1689-1801 aNorthern War, 1700-1721 aGreat Britain -- Foreign relations -- Russia aEurope -- Politics and government -- 1648-1789 aRussia -- Foreign relations -- Great Britain1 aAveling, Eleanor Marx,d1855-1898 0aProject Gutenbergv3237040uhttp://www.gutenberg.org/ebooks/32370